000 01046nam a2200277 a 4500
001 000021326
003 DO-SdBNP
005 20230120110013.0
007 ta
008 100906s1999 dr c 000 0 spa d
040 _aDO-SdBNP
_bspa
_cBNPHU
049 _aBNPD
082 _a327.729307294
_bL817r
_222
100 1 _aLocward, Ángel,
_d1955-
_944562
245 1 4 _aLas relaciones domínico-haitianas /
_cÁngel Lockward ; presentación José Nicolas Almánzar García.
260 _aSanto Domingo :
_bFundación de Estudios Económicos y Políticos
_fCentenario
_c1999.
300 _a46 p. :
_bretrs. ;
_c21 cm.
500 _aIncluye datos biográficos del autor en la contracubierta
590 _aInventariado, 2023 / DG
651 4 _aRepública Dominicana
_xRelaciones Exteriores
_zHaití
_92233
651 4 _aHaití
_xRelaciones Exteriores
_zRepública Dominicana
_92234
651 4 _aHaití
_xEmigración E Inmigración
_zRepública Dominicana
_95922
700 1 _aAlmánzar García, José Nicolas
_93006
910 _aDG
942 _2ddc
_cLBS1
999 _c20826
_d20826